[Event "Okanagan op"]
[Site "Salmon Arm CAN"]
[Date "2025.05.03"]
[Round "3.3"]
[White "Court, Andrew"]
[Black "Chruszcz, Zachary"]
[Result "1-0"]
[WhiteElo "1486"]
[BlackElo "1898"]
[WhiteFideId "-1"]
[WhiteFideId "-1"]
[PlyCount "147"]
[GameId "2178105534686827"]
[EventDate "2025.05.02"]
[EventType "swiss"]
[EventRounds "5"]
[EventCountry "CAN"]

1. e4 c6 2. d4 d5 3. Nc3 dxe4 4. Nxe4 Nf6 5. Nxf6+ exf6 6. c3 Bd6 7. Nf3 O-O 8. Be2 Re8 9. O-O Be6 10. Be3 Nd7 11. c4 Nf8 12. Qc2 Qc7 13. Rac1 Bf4 14. Qd2 Ng6 15. Bd3 Bd6 16. h3 Qd7 17. Bxg6 hxg6 18. Bf4 g5 19. Bxd6 Qxd6 20. Rc3 Rad8 21. Rd1 Rd7 22. Re3 Red8 23. b3 g6 24. Qc3 Qf4 25. Rde1 Qd6 26. d5 cxd5 27. Qxf6 Qf4 28. Qxg5 Qxg5 29. Nxg5 Bf5 30. g4 Bc2 31. Rc3 Be4 32. Nxe4 dxe4 33. Rxe4 Rd2 34. a3 Ra2 35. b4 Rdd2 36. Rf4 Rd1+ 37. Kg2 Raa1 38. c5 Rh1 39. Rg3 Rhg1+ 40. Kf3 Rxa3+ 41. Ke4 Rgxg3 42. fxg3 Rxg3 43. h4 Rh3 44. g5 Kf8 45. Kd5 Rd3+ 46. Kc4 Rd7 47. Kb5 Re7 48. Ka5 Re5 49. Rc4 Re6 50. b5 Ke7 51. b6 axb6+ 52. cxb6 Re5+ 53. Kb4 Kd6 54. Rc7 Re7 55. Rc4 Rd7 56. Kb5 Ke6 57. Rc7 Ke7 58. Rc4 Rd5+ 59. Kb4 Kd8 60. Rf4 Rd7 61. Kc5 Ke7 62. Re4+ Kf8 63. Ra4 Kg7 64. Rd4 Rxd4 65. Kxd4 f6 66. gxf6+ Kxf6 67. Kd5 Kf5 68. Kd6 Kg4 69. Kc7 Kxh4 70. Kxb7 g5 71. Kc7 g4 72. b7 g3 73. b8=Q g2 74. Qb6 1-0

[Event "Okanagan op"]
[Site "Salmon Arm CAN"]
[Date "2025.05.04"]
[Round "4.1"]
[White "Burrows, Zachary"]
[Black "Ivanescu, Matthew"]
[Result "1/2-1/2"]
[WhiteElo "2073"]
[BlackElo "1977"]
[WhiteFideId "-1"]
[WhiteFideId "-1"]
[PlyCount "50"]
[GameId "2178105534686828"]
[EventDate "2025.05.02"]
[EventType "swiss"]
[EventRounds "5"]
[EventCountry "CAN"]

1. e4 e6 2. Qe2 c5 3. Nc3 Nc6 4. Nf3 g6 5. e5 d5 6. exd6 Qxd6 7. Nb5 Qd8 8. d4 a6 9. d5 axb5 10. dxc6 bxc6 11. Ne5 Qc7 12. Qe4 Bb7 13. Bf4 Bd6 14. Rd1 Nf6 15. Qe3 Nd5 16. Rxd5 cxd5 17. Bxb5+ Ke7 18. O-O f6 19. Nd3 c4 20. Bxd6+ Qxd6 21. Nc5 Bc8 22. a4 Qe5 23. Qh6 Kf7 24. Qc1 Qd6 25. b4 h5 1/2-1/2

[Event "Okanagan op"]
[Site "Salmon Arm CAN"]
[Date "2025.05.04"]
[Round "4.2"]
[White "Ivanescu, Mark"]
[Black "Court, Andrew"]
[Result "1-0"]
[WhiteElo "1956"]
[BlackElo "1486"]
[WhiteFideId "-1"]
[WhiteFideId "-1"]
[PlyCount "29"]
[GameId "2178105534686829"]
[EventDate "2025.05.02"]
[EventType "swiss"]
[EventRounds "5"]
[EventCountry "CAN"]

1. d4 Nf6 2. Bf4 e6 3. e3 b6 4. Nf3 Bb7 5. Nbd2 c5 6. Nc4 d5 7. Nce5 a6 8. Ng5 Rg8 9. Nexf7 Qd7 10. Bd3 g6 11. Ne5 Qc8 12. Nxh7 Nxh7 13. Bxg6+ Rxg6 14. Qh5 Kd8 15. Qxg6 1-0

[Event "Okanagan op"]
[Site "Salmon Arm CAN"]
[Date "2025.05.04"]
[Round "4.3"]
[White "Chruszcz, Zachary"]
[Black "Leblanc, Paul"]
[Result "0-1"]
[WhiteElo "1898"]
[BlackElo "1793"]
[WhiteFideId "-1"]
[WhiteFideId "-1"]
[PlyCount "60"]
[GameId "2178105534686830"]
[EventDate "2025.05.02"]
[EventType "swiss"]
[EventRounds "5"]
[EventCountry "CAN"]

1. e4 c6 2. d4 d5 3. f3 Qb6 4. Nc3 e6 5. Nge2 Nf6 6. e5 Nfd7 7. a3 c5 8. f4 Nc6 9. Na4 Qc7 10. dxc5 Nxc5 11. Nxc5 Bxc5 12. b4 Bb6 13. c3 O-O 14. Bb2 Bd7 15. Nd4 a6 16. Bd3 Nxd4 17. cxd4 Bb5 18. Bxb5 axb5 19. Rc1 Qd7 20. O-O Rac8 21. Qd3 Rc4 22. Rxc4 dxc4 23. Qc2 Bxd4+ 24. Kh1 Bxb2 25. Qxb2 Rd8 26. h3 Qd2 27. Qxd2 Rxd2 28. Rf3 Rd3 29. Kg1 Rxf3 30. gxf3 c3 0-1

[Event "Okanagan op"]
[Site "Salmon Arm CAN"]
[Date "2025.05.04"]
[Round "5.1"]
[White "Burrows, Zachary"]
[Black "Ivanescu, Mark"]
[Result "1/2-1/2"]
[WhiteElo "2073"]
[BlackElo "1956"]
[WhiteFideId "-1"]
[WhiteFideId "-1"]
[PlyCount "57"]
[GameId "2178105534686831"]
[EventDate "2025.05.02"]
[EventType "swiss"]
[EventRounds "5"]
[EventCountry "CAN"]

1. Nf3 Nf6 2. g3 d5 3. Bg2 c5 4. c4 e6 5. O-O Bd6 6. d4 O-O 7. cxd5 exd5 8. dxc5 Bxc5 9. Bg5 Be6 10. Nc3 Nbd7 11. Nd4 h6 12. Bxf6 Nxf6 13. Nb3 Bb4 14. Nb5 Qd7 15. N5d4 Bh3 16. Qd3 Bxg2 17. Kxg2 Rfd8 18. a3 Bf8 19. Rfd1 Rac8 20. f3 b6 21. Rd2 Qb7 22. Rad1 Rd7 23. Nf5 g6 24. Qd4 Rc6 25. Ne3 Bc5 26. Nxc5 bxc5 27. Qh4 Kg7 28. b4 Re6 29. Ng4 1/2-1/2

[Event "Okanagan op"]
[Site "Salmon Arm CAN"]
[Date "2025.05.04"]
[Round "5.2"]
[White "Ivanescu, Matthew"]
[Black "Leblanc, Paul"]
[Result "1/2-1/2"]
[WhiteElo "1977"]
[BlackElo "1793"]
[WhiteFideId "-1"]
[WhiteFideId "-1"]
[PlyCount "49"]
[GameId "2178105534686832"]
[EventDate "2025.05.02"]
[EventType "swiss"]
[EventRounds "5"]
[EventCountry "CAN"]

1. d4 d5 2. Bf4 c5 3. e3 Nc6 4. c3 Bf5 5. Bd3 Bxd3 6. Qxd3 e6 7. Nf3 Bd6 8. Bg3 Nf6 9. Nbd2 a6 10. Ne5 Bxe5 11. dxe5 Ng4 12. f4 Qb6 13. Qe2 Nh6 14. Nf3 O-O-O 15. O-O Qb5 16. Qc2 Kb8 17. a4 Qb6 18. Bf2 Ng4 19. Rfd1 h6 20. h3 Nxf2 21. Qxf2 Rd7 22. Rab1 Rhd8 23. b4 cxb4 24. Nd4 Rc8 25. cxb4 1/2-1/2

[Event "Okanagan op"]
[Site "Salmon Arm CAN"]
[Date "2025.05.04"]
[Round "5.3"]
[White "Topcu, Alp"]
[Black "Howard, Adrien"]
[Result "1/2-1/2"]
[WhiteElo "1635"]
[BlackElo "1795"]
[WhiteFideId "-1"]
[WhiteFideId "-1"]
[PlyCount "22"]
[GameId "2178105534686833"]
[EventDate "2025.05.02"]
[EventType "swiss"]
[EventRounds "5"]
[EventCountry "CAN"]

1. e4 e6 2. d4 d5 3. exd5 exd5 4. Bd3 Bd6 5. Nf3 Ne7 6. O-O Nbc6 7. c3 Bg4 8. Nbd2 Qd7 9. h3 Bxh3 10. gxh3 Qxh3 11. Re1 Qg4+ 1/2-1/2

[Event "Ontario op"]
[Site "Brantford CAN"]
[Date "2025.05.17"]
[Round "1"]
[White "Aaroh Mutyalapati, Modith"]
[Black "Yin, Zeming"]
[Result "1/2-1/2"]
[WhiteElo "2159"]
[BlackElo "1980"]
[WhiteFideId "-1"]
[WhiteFideId "-1"]
[PlyCount "92"]
[GameId "2180778638626898"]
[EventDate "2025.05.17"]
[EventType "swiss"]
[EventRounds "6"]
[EventCountry "CAN"]

{[%evp 0,92,22,16,28,60,17,12,7,-7,5,9,4,7,15,54,35,18,-12,-11,-8,-9,-7,0,0,-26,-34,-46,-6,4,26,12,10,85,50,55,31,155,39,5,20,-13,86,20,56,35,35,47,30,23,-84,23,-48,0,25,1,-14,-29,-31,-42,1,17,13,59,25,25,-12,5,52,32,53,21,54,80,49,188,70,77,1,71,29,-1,1,114,-1,-3,-1,-105,-90,-49,-16,-94,-134,-123,-88]} 1. e4 c5 2. Nf3 Nc6 3. c3 Nf6 4. e5 Nd5 5. d4 cxd4 6. cxd4 d6 7. exd6 Bg4 8. Nc3 Qxd6 9. Be2 e6 10. h3 Bh5 11. O-O Be7 12. Be3 O-O 13. Rc1 Bg6 14. Nxd5 exd5 15. Qd2 Bd8 16. Bf4 Qe6 17. Ne5 Nxe5 18. dxe5 Bb6 19. Bg3 Be4 20. Kh2 Kh8 21. Bd3 f6 22. Rce1 f5 23. f3 Bxd3 24. Qxd3 Rac8 25. f4 Rc4 26. Rc1 Rfc8 27. Rxc4 Rxc4 28. b3 Re4 29. Rd1 Rd4 30. Qc2 Rxd1 31. Qxd1 Kg8 32. Be1 d4 33. Qd3 Kf7 34. a4 a6 35. g4 g6 36. Kg3 Qd7 37. a5 Ba7 38. gxf5 gxf5 39. Qc4+ Kg7 40. Bb4 Qc6 41. Qxc6 bxc6 42. Bd2 c5 43. Kf2 Kf7 44. Ke2 Ke6 45. Kd3 Kd5 46. Be1 Bb8 1/2-1/2

[Event "Ontario op"]
[Site "Brantford CAN"]
[Date "2025.05.17"]
[Round "1"]
[White "Achyuth, Akshaj"]
[Black "Xu, Leon"]
[Result "1/2-1/2"]
[WhiteElo "2024"]
[BlackElo "2210"]
[WhiteFideId "-1"]
[WhiteFideId "-1"]
[PlyCount "137"]
[GameId "2180505419436445"]
[EventDate "2025.05.17"]
[EventType "swiss"]
[EventRounds "6"]
[EventCountry "CAN"]

1. e4 e6 2. d4 d5 3. Bd3 dxe4 4. Bxe4 Nf6 5. Bf3 c5 6. Ne2 Nc6 7. Be3 Nd5 8. Bxd5 Qxd5 9. Nbc3 Qc4 10. Qd2 cxd4 11. Nxd4 Bb4 12. a3 Ba5 13. Nxc6 bxc6 14. Qd4 Ba6 15. Qxc4 Bxc4 16. b4 Bb6 17. Ne4 Bd5 18. Nc5 Bxg2 19. Rg1 Bh3 20. Rxg7 Bf5 21. O-O-O Bg6 22. Bg5 Bd8 23. Rxd8+ Rxd8 24. Bf6 Rf8 25. Nxe6 Rd6 26. Nxf8 Kxf8 27. Bc3 Rd5 28. h4 Rf5 29. Bd4 Rf4 30. Rxg6 fxg6 31. Bxa7 Rxh4 32. a4 Ke8 33. c3 Kd7 34. a5 Kc7 35. Bd4 Kb7 36. Kd2 h5 37. Ke2 Re4+ 38. Be3 h4 39. Kf3 h3 40. Kg3 Rh4 41. Kh2 Rh5 42. Bd4 g5 43. Be3 g4 44. Bd4 Ka6 45. Be3 Kb5 46. Bd4 Rf5 47. Kg1 Rf8 48. Kh2 Rf3 49. Kg1 Rd3 50. Kh2 Rd2 51. Kg3 Re2 52. Be3 Ra2 53. Kh2 Kc4 54. Bd4 Kd3 55. Kg3 Ke2 56. c4 Kf1 57. Be5 Rxf2 58. Kxg4 h2 59. Bxh2 Rxh2 60. Kf5 Rb2 61. Ke6 Rxb4 62. c5 Rb5 63. Kd6 Rxa5 64. Kxc6 Ke2 65. Kd6 Kd3 66. c6 Kd4 67. c7 Rc5 68. Kd7 Rxc7+ 69. Kxc7 1/2-1/2

[Event "Ontario op"]
[Site "Brantford CAN"]
[Date "2025.05.17"]
[Round "1"]
[White "Deshpande, Sarthak"]
[Black "England, Max"]
[Result "0-1"]
[WhiteElo "2035"]
[BlackElo "2236"]
[WhiteFideId "-1"]
[WhiteFideId "-1"]
[PlyCount "92"]
[GameId "2180464984420708"]
[EventDate "2025.05.17"]
[EventType "swiss"]
[EventRounds "6"]
[EventCountry "CAN"]

{[%evp 0,92,11,35,20,12,11,34,27,39,31,35,39,26,40,27,36,22,18,26,34,63,8,-8,-18,-113,-88,-109,-93,-103,-119,-113,-116,-140,-78,-65,12,-33,-49,-92,-178,-139,-122,-126,-110,-103,-134,-115,-90,-137,-74,-112,-168,-166,-226,-211,-226,-234,-4,-250,-98,-307,-173,-380,-403,-370,-441,-193,-500,-1873,-1873,-29987,-204,-376,-494,-487,-496,-367,-468,-509,-591,-540,-713,-1192,-1248,-1320,-1486,-1597,-2025,-29539,-2182,-29995,-29996,-29999,-29999]} 1. d4 Nf6 2. c4 g6 3. Nc3 Bg7 4. e4 d6 5. Be2 O-O 6. Be3 e5 7. d5 Na6 8. g4 Nc5 9. f3 h5 10. b4 Na6 11. Rb1 hxg4 12. fxg4 Nxg4 13. Bxg4 Qh4+ 14. Bf2 Qxg4 15. Qxg4 Bxg4 16. c5 Bd7 17. c6 bxc6 18. dxc6 Be6 19. b5 Nc5 20. Bxc5 dxc5 21. Nge2 f5 22. Nd5 Bxd5 23. exd5 Rfd8 24. Rd1 Rd6 25. Rg1 Kf7 26. Rg3 e4 27. Ra3 Be5 28. h3 Kf6 29. Ra4 Rdd8 30. Rc4 Rh8 31. Rxc5 Rxh3 32. a4 e3 33. Ng1 Rh2 34. Rdc1 Bg3+ 35. Kf1 e2+ 36. Nxe2 Rf2+ 37. Kg1 Rxe2 38. R5c3 Bf4 39. Rd1 Rh8 40. a5 Rb2 41. b6 Bh2+ 42. Kf1 Be5 43. Kg1 Bxc3 44. bxc7 Bxa5 45. d6 Bb6+ 46. Kf1 Rh1# 0-1

[Event "Ontario op"]
[Site "Brantford CAN"]
[Date "2025.05.17"]
[Round "1"]
[White "Dukic, Zachary"]
[Black "Loadman, Ian"]
[Result "0-1"]
[WhiteElo "2360"]
[BlackElo "2063"]
[WhiteFideId "-1"]
[WhiteFideId "-1"]
[PlyCount "72"]
[GameId "2190954202604546"]
[EventDate "2025.05.17"]
[EventType "swiss"]
[EventRounds "6"]
[EventCountry "CAN"]

1. Nf3 Nf6 2. g3 g6 3. Bg2 Bg7 4. d4 O-O 5. c4 d6 6. Nc3 c6 7. O-O Bf5 8. Re1 Ne4 9. h4 Nxc3 10. bxc3 Be4 11. h5 Nd7 12. hxg6 hxg6 13. Ng5 Bxg2 14. Kxg2 d5 15. e4 dxe4 16. Rxe4 Nf6 17. Qh1 Re8 18. Rh4 b5 19. Bf4 bxc4 20. g4 Qd5+ 21. f3 Rab8 22. Qh3 Rb2+ 23. Kg3 e5 24. dxe5 Rxe5 25. Rh1 Kf8 26. Rh8+ Ke7 27. Ra8 Qc5 28. Rf1 Rxg5 29. Bxg5 Qxg5 30. Re1+ Kd6 31. f4 Qc5 32. Qf1 Rc2 33. Kh4 Nxg4 34. Rd8+ Kc7 35. Kxg4 Qh5+ 36. Kg3 Rxc3+ 0-1

[Event "Ontario op"]
[Site "Brantford CAN"]
[Date "2025.05.17"]
[Round "1"]
[White "Filipovich, David"]
[Black "Windram, James"]
[Result "0-1"]
[WhiteElo "1997"]
[BlackElo "2200"]
[WhiteFideId "-1"]
[WhiteFideId "-1"]
[PlyCount "50"]
[GameId "2180755478884393"]
[EventDate "2025.05.17"]
[EventType "swiss"]
[EventRounds "6"]
[EventCountry "CAN"]

{[%evp 0,50,17,14,20,-7,6,-14,4,12,16,16,10,14,17,14,17,8,9,10,16,16,18,13,16,-4,10,31,35,35,44,54,40,56,54,63,63,46,64,54,91,-39,-64,-34,-64,-86,-92,-178,-175,-143,-181,-273,-261]} 1. Nf3 c5 2. g3 Nc6 3. Bg2 g6 4. c4 Bg7 5. Nc3 e5 6. O-O Nge7 7. a3 d6 8. Rb1 a5 9. d3 O-O 10. Bg5 f6 11. Bd2 Be6 12. Ne1 Rb8 13. Nc2 d5 14. cxd5 Nxd5 15. b4 Nxc3 16. Bxc3 cxb4 17. axb4 a4 18. b5 Ne7 19. Bb4 Rf7 20. Na1 Nd5 21. Qxa4 Ra8 22. Qc2 Rxa1 23. Bxd5 Rxb1 24. Bxe6 Rxb4 25. Qc3 Bf8 0-1

[Event "Ontario op"]
[Site "Brantford CAN"]
[Date "2025.05.17"]
[Round "1"]
[White "Harms, Reece"]
[Black "Li, William"]
[Result "0-1"]
[Annotator "GMPat"]
[WhiteElo "2054"]
[BlackElo "2284"]
[WhiteFideId "-1"]
[WhiteFideId "-1"]
[PlyCount "54"]
[GameId "2180370198401119"]
[EventDate "2025.05.17"]
[EventType "swiss"]
[EventRounds "6"]
[EventCountry "CAN"]

{[%evp 0,54,11,41,18,-24,39,20,33,4,43,-89,59,46,47,48,48,47,25,66,55,42,65,55,58,11,24,18,-1,1,20,7,69,37,121,92,92,62,68,60,85,-60,84,16,-76,-43,-46,-1052,15,-260,-240,-238,-247,-495,-469,-557,-605]} 1. d4 Nf6 2. c4 b6 3. f3 Bb7 4. e4 d6 5. Ne2 g6 6. g4 Bg7 7. Nbc3 O-O 8. Be3 c5 9. d5 e6 10. g5 Ne8 11. h4 Nc7 12. Nf4 exd5 13. cxd5 b5 14. Qd2 b4 15. Nd1 Ba6 16. h5 Bxf1 17. hxg6 hxg6 18. Qh2 Re8 19. Kxf1 Nd7 20. Nf2 Ne5 21. Ke2 Qd7 22. Raf1 Qb5+ 23. Ke1 Qa4 24. Ke2 Qc2+ 25. Bd2 Nb5 26. N2d3 Nd4+ 27. Ke3 Nc4+ 0-1

[Event "Ontario op"]
[Site "Brantford CAN"]
[Date "2025.05.17"]
[Round "1"]
[White "Hong, Zihan"]
[Black "Kapra, Jerjis"]
[Result "0-1"]
[WhiteElo "2042"]
[BlackElo "2270"]
[WhiteFideId "-1"]
[WhiteFideId "-1"]
[PlyCount "124"]
[GameId "2180386063163513"]
[EventDate "2025.05.17"]
[EventType "swiss"]
[EventRounds "6"]
[EventCountry "CAN"]

1. d4 Nf6 2. Bf4 e6 3. e3 c5 4. c3 Nc6 5. Nd2 h6 6. Ngf3 Nh5 7. Bg3 Nxg3 8. hxg3 d5 9. Ne5 Nxe5 10. dxe5 Bd7 11. f4 Qb6 12. Qb3 Bc6 13. Nf3 Qa5 14. Be2 O-O-O 15. Qc2 Be7 16. O-O g5 17. b4 Qa4 18. Qxa4 Bxa4 19. bxc5 gxf4 20. gxf4 Bxc5 21. Nd4 Bd7 22. Kf2 Rdf8 23. Rh1 f6 24. exf6 Rxf6 25. Bf3 Re8 26. Rh5 Bf8 27. g4 Bg7 28. Rg1 Rff8 29. Ke2 Kc7 30. g5 hxg5 31. Rhxg5 Bh8 32. Bg4 Kd6 33. Rg6 Bf6 34. Rg2 Ke7 35. Kd2 Rh8 36. Be2 Rc8 37. Bd3 Rc5 38. e4 dxe4 39. Bxe4 b6 40. Kd3 Rd8 41. R6g3 Bb5+ 42. Kd2 Bxd4 43. cxd4 Rxd4+ 44. Ke3 Rd7 45. Rg7+ Kd8 46. Rxd7+ Bxd7 47. Kd4 Kc7 48. Rc2 Bc6 49. Re2 Bxe4 50. Kxe4 Kd6 51. Rd2+ Ke7 52. Rh2 Ra5 53. Rc2 Kf6 54. Rd2 Ra4+ 55. Ke3 Kf5 56. Rh2 Ra3+ 57. Kd4 Ra4+ 58. Ke3 Re4+ 59. Kd3 Rxf4 60. Rh5+ Kf6 61. Rh6+ Ke5 62. Rh5+ Kd6 0-1

[Event "Ontario op"]
[Site "Brantford CAN"]
[Date "2025.05.17"]
[Round "1"]
[White "Huang, Justin"]
[Black "Zian Wang, Nathan"]
[Result "0-1"]
[WhiteElo "1916"]
[BlackElo "2099"]
[WhiteFideId "-1"]
[WhiteFideId "-1"]
[PlyCount "72"]
[GameId "2180823488925855"]
[EventDate "2025.05.17"]
[EventType "swiss"]
[EventRounds "6"]
[EventCountry "CAN"]

{[%evp 0,72,17,33,9,12,39,13,-27,32,30,30,-50,0,-46,-1,-6,7,31,-15,47,0,52,39,52,70,45,-7,7,-55,-32,27,-40,-24,-38,-59,-23,-31,-25,-36,-69,-69,-43,-59,-48,-161,-292,-230,-299,-225,-214,-224,-293,-334,-401,-375,-457,-467,-405,-487,-392,-487,-318,-285,-351,-283,-337,-355,-223,-367,-352,-217,-327,-503,-337]} 1. d4 Nf6 2. c4 g6 3. f3 d5 4. cxd5 Nxd5 5. e4 Nb6 6. Nc3 Bg7 7. Be3 O-O 8. a4 a5 9. Rc1 c6 10. b3 Na6 11. Bxa6 Rxa6 12. Nge2 e5 13. d5 cxd5 14. Bxb6 Rxb6 15. Nxd5 Rc6 16. O-O Be6 17. Nec3 Qd7 18. Qe2 Rfc8 19. Qe3 Qd8 20. Rfd1 Qf8 21. g4 f5 22. h3 Bh6 23. g5 f4 24. Qe1 Bxg5 25. h4 Bd8 26. Nb5 Bxh4 27. Qd2 Qd8 28. Ndc3 Qg5+ 29. Qg2 Qe7 30. Qd2 Rd8 31. Qxd8+ Qxd8 32. Rxd8+ Bxd8 33. Rd1 Bb6+ 34. Kg2 Kf7 35. Rd3 Bc5 36. Ne2 Be7 0-1

[Event "Ontario op"]
[Site "Brantford CAN"]
[Date "2025.05.17"]
[Round "1"]
[White "Huang, Patrick"]
[Black "Belanger, Colton"]
[Result "1-0"]
[WhiteElo "2209"]
[BlackElo "2013"]
[WhiteFideId "-1"]
[WhiteFideId "-1"]
[PlyCount "71"]
[GameId "2180752941559844"]
[EventDate "2025.05.17"]
[EventType "swiss"]
[EventRounds "6"]
[EventCountry "CAN"]

1. d4 d6 2. Bf4 Nf6 3. Nc3 Nbd7 4. Nf3 g6 5. e4 Bg7 6. Qd2 O-O 7. O-O-O c6 8. Bh6 Qa5 9. h4 b5 10. Bxg7 Kxg7 11. e5 Nd5 12. Nxd5 Qxd2+ 13. Rxd2 cxd5 14. Bxb5 dxe5 15. dxe5 e6 16. Bxd7 Bxd7 17. Nd4 Rfc8 18. g4 h6 19. f4 a5 20. h5 g5 21. fxg5 hxg5 22. Rf1 a4 23. a3 Be8 24. Rf6 Rc4 25. c3 Rac8 26. Kd1 Rb8 27. Ke2 Rc7 28. Rxe6 Rcb7 29. Nf5+ Kh7 30. Rh6+ Kg8 31. Rd6 Rxb2 32. R6xd5 Rxd2+ 33. Kxd2 Rb2+ 34. Kc1 Re2 35. Kd1 Re4 36. Nd6 1-0

[Event "Ontario op"]
[Site "Brantford CAN"]
[Date "2025.05.17"]
[Round "1"]
[White "Ivanchuk, serghii"]
[Black "Tseng, Bradley"]
[Result "1/2-1/2"]
[WhiteElo "2119"]
[BlackElo "1939"]
[WhiteFideId "-1"]
[WhiteFideId "-1"]
[PlyCount "49"]
[GameId "2180817495019669"]
[EventDate "2025.05.17"]
[EventType "swiss"]
[EventRounds "6"]
[EventCountry "CAN"]

1. e4 c5 2. c3 d5 3. exd5 Qxd5 4. d4 cxd4 5. cxd4 Nc6 6. Nf3 e5 7. Nc3 Bb4 8. Bd2 Bxc3 9. Bxc3 e4 10. Ne5 Nxe5 11. dxe5 Ne7 12. Qh5 O-O 13. Be2 Ng6 14. Rd1 Qxa2 15. Qg5 Qe6 16. Bb4 Re8 17. Bc3 Qf5 18. Qg3 Be6 19. O-O Nf4 20. Rfe1 Rad8 21. Rd6 Rc8 22. h3 Nxe2+ 23. Rxe2 Rc4 24. Red2 h6 25. Rd8 1/2-1/2

[Event "Ontario op"]
[Site "Brantford CAN"]
[Date "2025.05.17"]
[Round "1"]
[White "Jaferian, Koosha"]
[Black "Zhao, Jifan"]
[Result "1-0"]
[WhiteElo "2467"]
[BlackElo "2074"]
[WhiteFideId "-1"]
[WhiteFideId "-1"]
[PlyCount "71"]
[GameId "2180356101227026"]
[EventDate "2025.05.17"]
[EventType "swiss"]
[EventRounds "6"]
[EventCountry "CAN"]

1. e4 e6 2. d4 d5 3. Bd3 dxe4 4. Bxe4 Nf6 5. Bf3 c5 6. Ne2 Qc7 7. Nbc3 a6 8. Bg5 Nbd7 9. O-O Be7 10. d5 h6 11. Bf4 Ne5 12. Bxe5 Qxe5 13. dxe6 fxe6 14. Ng3 O-O 15. Re1 Qc7 16. a4 Bd7 17. Qe2 Rae8 18. a5 Bd6 19. Nce4 Nxe4 20. Bxe4 Bc6 21. Bd3 Qf7 22. Ne4 Be7 23. Qg4 Bd5 24. Re3 c4 25. Rf3 Qxf3 26. gxf3 cxd3 27. cxd3 Rc8 28. Nc3 Bb3 29. Qd4 Rc5 30. Qd7 Rg5+ 31. Kf1 Rf7 32. Qxb7 Bc2 33. Ke2 Rg2 34. Ne4 Kh7 35. Rc1 Ba4 36. Rc7 1-0

[Event "Ontario op"]
[Site "Brantford CAN"]
[Date "2025.05.17"]
[Round "1"]
[White "Joseph Benher, Savio"]
[Black "Lin, Austin"]
[Result "1-0"]
[WhiteElo "2234"]
[BlackElo "2030"]
[WhiteFideId "-1"]
[WhiteFideId "-1"]
[PlyCount "81"]
[GameId "2180471308112238"]
[EventDate "2025.05.17"]
[EventType "swiss"]
[EventRounds "6"]
[EventCountry "CAN"]

{[%evp 0,77,16,17,17,71,16,45,17,13,19,11,35,21,56,43,15,40,43,41,48,102,43,-13,4,-5,0,4,-28,2,0,-38,7,25,39,-37,123,213,123,105,423,339,412,455,497,556,565,476,518,511,509,480,577,626,613,630,643,514,656,418,665,414,666,502,662,647,759,362,736,814,847,620,759,652,452,740,815,752,835,693]} 1. e4 c5 2. Nf3 e6 3. d4 cxd4 4. Nxd4 Nf6 5. Nc3 Nc6 6. Ndb5 Bc5 7. Bf4 O-O 8. Bc7 Qe7 9. Bd6 Bxd6 10. Qxd6 Qd8 11. Qd2 d5 12. exd5 exd5 13. O-O-O a6 14. Nd4 Qc7 15. f3 Rd8 16. g4 b5 17. g5 Nxd4 18. Qxd4 b4 19. Qxb4 Nh5 20. Nxd5 Rxd5 21. Rxd5 Bb7 22. Qd6 Qc8 23. Bh3 Qe8 24. Rd3 g6 25. Bg4 Ng7 26. Qd7 Bc6 27. Qxe8+ Rxe8 28. Rhd1 Ne6 29. Rd6 Bb5 30. Bxe6 Rxe6 31. Rxe6 fxe6 32. f4 Bc4 33. b3 Bd5 34. c4 Bc6 35. Kb2 a5 36. Kc3 Bf3 37. Re1 Bc6 38. a4 e5 39. Rxe5 Bb7 40. Rxa5 Bc6 41. Re5 1-0

[Event "Ontario op"]
[Site "Brantford CAN"]
[Date "2025.05.17"]
[Round "1"]
[White "Joshua Lee, Daniel"]
[Black "Trofimov-Malyshkin, Valentyn"]
[Result "1/2-1/2"]
[WhiteElo "1989"]
[BlackElo "2184"]
[WhiteFideId "-1"]
[WhiteFideId "-1"]
[PlyCount "70"]
[GameId "2180765812142143"]
[EventDate "2025.05.17"]
[EventType "swiss"]
[EventRounds "6"]
[EventCountry "CAN"]

1. e4 e6 2. d4 d5 3. Nd2 c5 4. Ngf3 a6 5. exd5 exd5 6. dxc5 Bxc5 7. Bd3 Nc6 8. O-O Nb4 9. Nb3 Nxd3 10. Qxd3 Bd6 11. Bg5 f6 12. Bh4 Ne7 13. Rad1 Qc7 14. Rfe1 O-O 15. Bg3 Bxg3 16. hxg3 Bg4 17. Nbd4 Rae8 18. c3 Rc8 19. Nc2 Qa5 20. Nb4 Bf5 21. Qd2 Be4 22. Re2 Nc6 23. a3 Qb5 24. Rde1 Rfd8 25. Nxc6 bxc6 26. Nd4 Qb6 27. f3 Bg6 28. Kh2 c5 29. Ne6 Rd7 30. b4 cxb4 31. axb4 a5 32. Nc5 Rd6 33. Qd4 axb4 34. cxb4 Rb8 35. Rb2 Qd8 1/2-1/2

[Event "Ontario op"]
[Site "Brantford CAN"]
[Date "2025.05.17"]
[Round "1"]
[White "Khaledi, Omid"]
[Black "Jung, Hans"]
[Result "0-1"]
[WhiteElo "2295"]
[BlackElo "2061"]
[WhiteFideId "-1"]
[WhiteFideId "-1"]
[PlyCount "41"]
[GameId "2180367800610893"]
[EventDate "2025.05.17"]
[EventType "swiss"]
[EventRounds "6"]
[EventCountry "CAN"]

1. d4 d5 2. c4 c6 3. Nf3 Nf6 4. Nc3 h6 5. g3 Bf5 6. Qb3 Qb6 7. cxd5 Qxb3 8. axb3 Nxd5 9. Bg2 Nb4 10. O-O Nc2 11. Ra5 Be6 12. d5 b6 13. dxe6 fxe6 14. Ra4 Nd7 15. Rd1 a5 16. Nd4 Nb4 17. Nxc6 Nd5 18. Nxd5 exd5 19. Bxd5 e6 20. Be4 Nc5 21. Bg6# 0-1

[Event "Ontario op"]
[Site "Brantford CAN"]
[Date "2025.05.17"]
[Round "1"]
[White "Lalonde, Olivier"]
[Black "Zhuoyuan Xu, Ryan"]
[Result "1-0"]
[WhiteElo "2266"]
[BlackElo "2042"]
[WhiteFideId "-1"]
[WhiteFideId "-1"]
[PlyCount "69"]
[GameId "2180445762953356"]
[EventDate "2025.05.17"]
[EventType "swiss"]
[EventRounds "6"]
[EventCountry "CAN"]

{[%evp 0,69,21,19,17,25,14,8,62,17,16,23,18,23,29,18,25,22,11,7,12,12,14,-7,-12,14,34,138,149,115,160,33,29,46,18,29,91,61,146,63,126,237,170,168,184,109,86,198,167,149,141,249,141,144,200,228,210,214,263,190,261,211,37,128,218,224,227,203,194,221,387,234]} 1. c4 c6 2. d4 d5 3. cxd5 cxd5 4. Bf4 Nc6 5. e3 Nf6 6. Nc3 Bf5 7. Qb3 Na5 8. Qa4+ Bd7 9. Bb5 Nc6 10. Nf3 e6 11. Ne5 Nxe5 12. dxe5 Bxb5 13. Nxb5 Nd7 14. Rc1 Rc8 15. Rxc8 Qxc8 16. Kd2 Qc6 17. Qa5 Nc5 18. f3 b6 19. Nxa7 bxa5 20. Nxc6 Nb7 21. Rc1 Bc5 22. Ke2 Bb6 23. Nb8 Nc5 24. Na6 Nxa6 25. Rc6 Kd7 26. Rxb6 Nc7 27. Bg3 Ra8 28. Be1 g6 29. Kd3 h6 30. Kc3 Na6 31. Kd4 Nb8 32. Rb7+ Ke8 33. f4 Nd7 34. a4 Nb8 35. Rb5 1-0